Еропкиной Лидии

Доступно только в Электронных читальных залах Найти на картеНа карте
RUSMARC
00003836nac2a22002771x 450
001372db5d5-e32c-4d5d-b6e3-6bfcad65a227
00520140115122309.0
100##$a20130529l1905 k y0rusy50 ca
1010#$arus
102##$aRU
105##$ay z |||||
2001#$aЕропкиной Лидии
$j15 ноября 1905
215##$a2 листа
251##$cДело
300##$aЗаголовок дела на папке: Письмо Еропкиной Лидии Кони Анатолию Федоровичу
300##$aС пометой Кони А. Ф. [из конверта с надписью "Просьбы о чтениях"]
300##$aРукописный текст
330##$aПереписка А. Ф. Кони; Письма к А. Ф. Кони
461#0$10013a54f2e3-e9cf-409b-80fa-f0a9bd3c40cb
$12001
$aКони Анатолий Федорович, юрист, литератор, член академии наук, председатель Санкт-Петербургского окружного суда, член государственного совета
$1251
$cФонд
$1852
$j564
462#0$100178a475cd-a47d-4377-bff3-cee4b81de655
$12001
$aОпись дел фонда А. Ф. Кони за 1880-1931 гг.
$1251
$cОпись
$1852
$j1
517##$aПисьмо Еропкиной Лидии Кони Анатолию Федоровичу
600#1$aКони
$bА. Ф.
$f1844-1927
$gАнатолий Федорович
600#1$aЕропкина
$bЛ.
$gЛидия
801#0$aRU
$bGA_RF
801#1$aRU
$bНПО Опыт
$c20130529
$2rusmarc
801#2$aRU
$bПБ им. Б.Н. Ельцина
$c20140115
$gRCR
$2rusmarc
852##$aГА РФ
$j1841
937##$d42830967
$hПБ
035##$aRuPRLIB51002627
Формат отображения